| 000 | 00681nam a22001697a 4500 | ||
|---|---|---|---|
| 008 | 120404s1996 ua|||||r|||| 000 0 ara d | ||
| 020 | _a9770805408 | ||
| 082 |
_a217.6 _bع ل ا |
||
| 100 |
_929578 _aعلام ، فؤاد |
||
| 245 |
_aالإخوان .. وأنا : _bمن المنشية إلى المنصة / _cفؤاد علام |
||
| 260 |
_aالقاهرة : _bأخبار اليوم ، _c[1996?] |
||
| 300 |
_a557 ص ؛ _c22 سم |
||
| 650 |
_915845 _aالإخوان المسلمون |
||
| 653 |
_bPol _cApril2012 |
||
| 942 |
_2ddc _cBB |
||
| 999 |
_c16631 _d16631 |
||